000 00373nam a2200145Ia 4500
008 230128s9999 xx 000 0 und d
041 _aeng
082 _aPAT PR0439
_bPAT
100 _aPatil Shital R - 2K91106
_9118917
245 _aPreparation of HR Manual
260 _c2011
_bPune University
_aPune
300 _a133p
502 _cSonar Pranita
999 _c97215
_d97215